00710cam a2200169u 450000100100000000500170001000800410002704000250006810000390009324501430013226000760027530000170035165000200036870000240038895201110041299900170052300001388120200929163402.0831213s1906 sp 000 0 spa  aDO-SdBNPbspacBNPHU1 aFlora, Federicod1867-1958.93144910aCiencia de la hacienda :bversión española hecha sobre la 2a. ed. italiana y aumentada por el autor con prólogo y notas Vicente Gay. aMadrid, :bLibrería General de Victoriano SuárezbV. Suarez,c1906. av. ;c21 cm. 4aFinance.9314501 aGay, Vicente931451 001052728MOaGRbGRcBDd2009-11-30iLF1l0o p13881-10r2020-06-25w2020-06-25y2ZPréstamo interno c13487d13487